000 00343pam a2200157a 44500
008 230515b1976 xxu||||| |||| 00| 0 eng d
020 _aNULL
041 _aENGLISH
082 _aN.D.
100 _aNULL
245 _aIndian ISO Matric Screw Threads
250 _a0
260 _aNULL
_bIndian Std.
_c1976
300 _a14
650 _aNULL
999 _c574396
_d574396